name that lana del rey music video - Statistics

General Stats
  • This quiz has been taken 122 times
  • The average score is 6 of 8
Answer Stats
Picture Answer % Correct
born to die
94%
ultraviolence
89%
ride
88%
doin' time
86%
lust for life
82%
candy necklace
64%
blue banisters
54%
music to watch boys to
38%
No matching quizzes found
Score Distribution
Percent of People with Each Score
Percentile by Number Answered
Your Score History
You have not taken this quiz